Sistemy optimal'nogo upravlenija vozmuščenija, približenija i analiz čuvstvitel'nosti
Saved in:
| Main Author: | |
|---|---|
| Format: | Book |
| Language: | Russian |
| Published: |
Moskva
Mir
1987
|
| Tags: |
No Tags, Be the first to tag this record!
|
MARC
| LEADER | 00000nam a2200000 4500 | ||
|---|---|---|---|
| 001 | c111413 | ||
| 005 | 20240912131614.7 | ||
| 041 | 0 | |a rus | |
| 044 | |a RU | ||
| 245 | 1 | 0 | |a Sistemy optimal'nogo upravlenija |b vozmuščenija, približenija i analiz čuvstvitel'nosti |c A.L. Dontchev ; [Perevod s anglijskogo V. Frolova] |
| 264 | 1 | |a Moskva |b Mir |c 1987 | |
| 300 | |a 156 s. | ||
| 100 | 1 | |a Dontchev, A.L. | |